Вып. 26; Записки Узбекистанского отделения Всесоюзного минералогического общества

Detalles Bibliográficos
Parent link:Записки Узбекистанского отделения Всесоюзного минералогического общества/ Академия наук Узбекской ССР (АН УзССР) ; Всесоюзное минералогическое общество (ВМО), Узбекистанское отделение. Вып. 26.— , 1957-1989
Autor Corporativo: Академия наук Узбекской ССР (АН УзССР) Институт геологии и геофизики им. Х. М. Абдуллаева
Otros Autores: Бадалов С. Т. (редактор)
Lenguaje:ruso
Publicado: 1973
Materias:
Formato: Libro
KOHA link:https://koha.lib.tpu.ru/cgi-bin/koha/opac-detail.pl?biblionumber=365934

MARC

LEADER 00000nam2a2200000 4500
001 365934
005 20231102011831.0
035 |a (RuTPU)RU\TPU\retro\23297 
035 |a RU\TPU\retro\23289 
090 |a 365934 
100 |a 20220126d1973 k y0rusy5003 ca 
101 0 |a rus 
102 |a UZ 
105 |a a z 001zy 
200 0 |a Вып. 26  |f Академия наук Узбекской ССР (АН УзССР), Институт геологии и геофизики им. Х. М. Абдуллаева ; отв. ред. С. Т. Бадалов 
210 |d 1973 
215 |a 232 с.  |c ил. 
320 |a Библиография в конце статей 
461 1 |0 (RuTPU)RU\TPU\book\293903  |t Записки Узбекистанского отделения Всесоюзного минералогического общества  |f Академия наук Узбекской ССР (АН УзССР) ; Всесоюзное минералогическое общество (ВМО), Узбекистанское отделение  |v Вып. 26  |d 1957-1989 
606 1 |a Минералогия  |2 stltpush  |3 (RuTPU)RU\TPU\subj\43907  |9 63333 
606 1 |a Геология  |2 stltpush  |3 (RuTPU)RU\TPU\subj\6095  |9 34054 
606 1 |a Геохимия  |2 stltpush  |3 (RuTPU)RU\TPU\subj\6296  |9 34219 
610 1 |a оловорудные месторождения 
610 1 |a золотоносные месторождения 
610 1 |a метасоматические процессы 
610 1 |a керамические пегматиты 
610 1 |a редкометальные пегматиты 
610 1 |a Кураминский хребет 
610 1 |a сульфидное орудение 
610 1 |a урановое оруднение 
610 1 |a генезис 
610 1 |a костный детрит 
610 1 |a тектоника 
610 1 |a палеозойские отложения 
610 1 |a меловые отложения 
610 1 |a полевые шпаты 
610 1 |a нефелиновые сиениты 
610 1 |a акцессорные минералы 
610 1 |a висмутовые руды 
610 1 |a золото-медная минерализация 
610 1 |a золоторудные проявления 
610 1 |a структура 
610 1 |a плотность 
610 1 |a сурьмяно-кварцевая минерализация 
610 1 |a ангидриты 
610 1 |a анизотропия 
610 1 |a турмалин 
610 1 |a золотоносность 
610 1 |a скарны 
610 1 |a пестроцветные свиты 
610 1 |a гидротермальные образования 
610 1 |a геохимическая классификация 
610 1 |a гранитные пегматиты 
610 1 |a флюоритовые месторождения 
610 1 |a рудные месторождения 
610 1 |a минералого-геохимический состав 
610 1 |a эндогенные образования 
610 1 |a радиоактивные элементы 
610 1 |a вулканогенные формации 
610 1 |a халькопирит 
675 |a 549  |v 3 
702 1 |a Бадалов  |b С. Т.  |4 340 
712 0 2 |a Академия наук Узбекской ССР (АН УзССР)  |b Институт геологии и геофизики им. Х. М. Абдуллаева  |c (Ташкент)  |2 stltpush  |3 (RuTPU)RU\TPU\col\14202 
801 1 |a RU  |b 63413507  |c 20150529 
801 2 |a RU  |b 63413507  |c 20220126  |g RCR 
942 |c BK